| 000 | 00657cab a2200229 4500 | ||
|---|---|---|---|
| 001 | ABS42646 | ||
| 008 | 090401t1990 xxu||||| |||| 00| 0 eng d | ||
| 035 | _a(Sirsi) u38076 | ||
| 041 | _aeng | ||
| 100 | _aSpring, M. | ||
| 245 | _aParking at the crossroads | ||
| 260 | _c1990 | ||
| 350 | _a0 | ||
| 490 |
_aBuilding _v255(7650) 1 June 1990, 40-45(6) |
||
| 520 | _aReports on proposals to develop a variation on the business park concept - the mid-urban park in West London . | ||
| 650 | _aBEDFONT LAKES | ||
| 650 | _aCHISWICK PARK | ||
| 650 | _aDEVELOPMENT | ||
| 690 | _aBUILDING AND CONSTRUCTION-PROJECTS | ||
| 942 | _n0 | ||
| 948 | _c04/03/1997 | ||
| 999 |
_c24467 _d24467 |
||